000 00301nam a2200109Ia 4500
005 20251222143318.0
008 251222s9999||||xx |||||||||||||| ||spa||
082 _a305.231/C7/4
245 0 _aLa niña:
264 _bComisión Organizadora de la Semana Nacional por los Derechos del Niño
942 _cLIB
999 _c15976
_d15976